Countries with Portuguese as official language - Sudden Death - Statistics

General Stats
  • This quiz has been taken 42 times
  • The average score is 7 of 9
Answers on the Grid
Answers color-coded by a green-red scale on the quiz's grid according to % correct below.
Angola
Brazil
Cape Verde
Comoros
Dominican Republic
East Timor
Equatorial Guinea
Gabon
Guinea-Bissau
Mozambique
Papua New Guinea
Philippines
Portugal
São Tomé and Príncipe
Spain
Togo
 
Answer Stats
Answer % Correct
Brazil
100%
Portugal
100%
Angola
83%
Cape Verde
83%
Guinea-Bissau
83%
São Tomé and Príncipe
83%
East Timor
67%
Equatorial Guinea
67%
Mozambique
67%
No matching quizzes found
Score Distribution
Percent of People with Each Score
Percentile by Number Answered
Your Score History
You have not taken this quiz